Movies Quiz

Random Movies or Oscar Quiz

Directors with Multiple Oscars Quiz Stats

 Plays Quiz Updated Feb 26, 2021

Support Sporcle.
Go Orange.
Score 0/21 Timer 05:00
4 Plays Today
# Director % Correct
2Steven Spielberg
95.7%
2Clint Eastwood
88.8%
2Ang Lee
77.2%
2Oliver Stone
73.4%
4John Ford
60.7%
2Alfonso Cuarón
59.7%
3Frank Capra
54.7%
2Miloš Forman
51.6%
2David Lean
50.2%
2Billy Wilder
50%
2Elia Kazan
47.1%
# Director % Correct
2Alejandro González Iñárritu
43.7%
3William Wyler
37.3%
2Robert Wise
29.7%
2George Stevens
26.4%
2Joseph L. Mankiewicz
22.7%
2Fred Zinnemann
19.5%
2Leo McCarey
16.7%
2Lewis Milestone
16.5%
2Frank Borzage
13.3%
2Frank Lloyd
12.5%

From the Vault

Jodie Foster Movies

by SporcleAdmin

Movies 7m
John Hinckley Jr. probably knows all these movies, do you?
Remove Ads.
Support Sporcle.
Get the best of Sporcle when you Go Orange. This ad-free experience offers more features, more stats, and more fun while also helping to support Sporcle. Thank you for becoming a member.

Show Comments

Extras

Top Quizzes Today


Score Distribution

Your Account Isn't Verified!

In order to create a playlist on Sporcle, you need to verify the email address you used during registration. Go to your Sporcle Settings to finish the process.

Report this User

Report this user for behavior that violates our Community Guidelines.

Details: